<?xml version="1.0" encoding="UTF-8"?>
<record
    xmlns:xsi="http://www.w3.org/2001/XMLSchema-instance"
    xsi:schemaLocation="http://www.loc.gov/MARC21/slim http://www.loc.gov/standards/marcxml/schema/MARC21slim.xsd"
    xmlns="http://www.loc.gov/MARC21/slim">

  <leader>01881nam a22001817a 4500</leader>
  <controlfield tag="008">120814t        xxu||||| |||| 00| 0 eng d</controlfield>
  <datafield tag="020" ind1=" " ind2=" ">
    <subfield code="a">O471194573</subfield>
  </datafield>
  <datafield tag="050" ind1=" " ind2=" ">
    <subfield code="a">TK5105.888.M30</subfield>
  </datafield>
  <datafield tag="100" ind1=" " ind2=" ">
    <subfield code="a">Martin, Teresa</subfield>
  </datafield>
  <datafield tag="245" ind1=" " ind2=" ">
    <subfield code="a">The project cool guide to enhancing your website. /</subfield>
    <subfield code="c">Teresa A. Martin and Glenn Davis</subfield>
  </datafield>
  <datafield tag="260" ind1=" " ind2=" ">
    <subfield code="a">New York:</subfield>
    <subfield code="b">John wiley &amp; Sons Inc,</subfield>
    <subfield code="c">1998.</subfield>
  </datafield>
  <datafield tag="300" ind1=" " ind2=" ">
    <subfield code="a">xiii, 413 p.:</subfield>
    <subfield code="b">ill.;</subfield>
    <subfield code="c">24cm.</subfield>
  </datafield>
  <datafield tag="500" ind1=" " ind2=" ">
    <subfield code="a">Includes index</subfield>
  </datafield>
  <datafield tag="505" ind1=" " ind2=" ">
    <subfield code="a">Content: Introduction: Enhancing your site -- Using this book -- Inside this book -- Enhancing graphics: Things to examine -- Optimizing original graphics -- Working with meta tags: Defining a meta tag -- Understanding basic meta tags -- Using meta tags with HTTP server -- Using meta tags to help index your site -- Uisng meta tags to work with -- Rating systems -- Adding search to your site: Undestanding your site -- Understanding search components -- Introducing search vendors -- Adding interactivity with javascript: Trying a simple javascript comand -- Understanding javascript concepts -- Writing java script components -- Learning standard javascript components -- Creating your own javascript -- Putting javascript to work -- Using dynamic HTML: Document object model -- Practical applications -- Adding Animation:Thinking about about animation -- Creating animation with HTML -- Creating animation with javascript -- Creating animated GIFs -- Creating animation with plugs - ins -- Adding sound and video: Adding sound -- Adding video -- Cross browser, cross platform, cross design: Seeking the standard -- Finding a balance -- Finding the readers -- Finding the scope -- Finding the food chain -- Finding the browser -- Finding the test -- Appendix A: Cascading style sheets style properties -- Appendix B: Color names and hex values afterword  </subfield>
  </datafield>
  <datafield tag="650" ind1=" " ind2=" ">
    <subfield code="a">Website</subfield>
  </datafield>
  <datafield tag="700" ind1=" " ind2=" ">
    <subfield code="a">Davis, Glenn</subfield>
  </datafield>
  <datafield tag="942" ind1=" " ind2=" ">
    <subfield code="2">lcc</subfield>
    <subfield code="c">BK</subfield>
  </datafield>
  <datafield tag="999" ind1=" " ind2=" ">
    <subfield code="c">1998</subfield>
    <subfield code="d">9498</subfield>
  </datafield>
  <datafield tag="952" ind1=" " ind2=" ">
    <subfield code="0">0</subfield>
    <subfield code="1">0</subfield>
    <subfield code="2">lcc</subfield>
    <subfield code="4">0</subfield>
    <subfield code="7">0</subfield>
    <subfield code="a">WIUC-1</subfield>
    <subfield code="b">WIUC-1</subfield>
    <subfield code="c">GEN</subfield>
    <subfield code="d">2012-08-14</subfield>
    <subfield code="l">0</subfield>
    <subfield code="o">TK5105.888.M30</subfield>
    <subfield code="p">5585/12</subfield>
    <subfield code="r">2012-08-14 00:00:00</subfield>
    <subfield code="t">1</subfield>
    <subfield code="w">2012-08-14</subfield>
    <subfield code="y">BK</subfield>
  </datafield>
</record>
